[Event "British Chess Championships 2023: AM Tournament U1900"]
[Site "The Venue, De Montfort University, 20 Western Boulevard, Leicester, LE2 7BU"]
[Date "2023.07.27"]
[Round "4"]
[Board "27"]
[White "Daly, Grant"]
[Black "O'gorman, Brendan"]
[Result "0-1"]
[WhiteElo "1596"]
[BlackElo "1779"]
[PlyCount "0"]
[EventDate "2023.07.24"]
[EventRounds "6"]
[EventCountry "ENG"]

1. d4 Nf6 2. c4 d6 3. Nf3 g6 4. Nc3 Bf5 5. e3 Bg7 6. Bd3 Bxd3 7. Qxd3 O-O 8. O-O
Nbd7 9. e4 c5 10. d5 Ng4 11. Bd2 Nde5 12. Qe2 Nxf3+ 13. Qxf3 Ne5 14. Qe2 a6 15. f4
Nd7 16. f5 Qc7 17. Bg5 Rae8 18. Qd2 Ne5 19. b3 Qa5 20. f6 exf6 21. Bxf6 Ng4 22. Bxg7
Kxg7 23. Rf4 Ne5 24. Raf1 b5 25. Rh4 h5 26. cxb5 axb5 27. Qc2 b4 28. Ne2 Ra8 29.
Nc1 Ng4 30. Qe2 Qd8 31. Rh3 Qe7 32. Rhf3 Qe5 33. g3 Qd4+ 34. Kh1 Rae8 35. h3 Rxe4
36. Qc2 Ne3 37. Rxe3 Rxe3 38. Rd1 Qe4+ 39. Kg1 Qxc2  0-1

[Event "British Chess Championships 2023: AM Tournament U1900"]
[Site "The Venue, De Montfort University, 20 Western Boulevard, Leicester, LE2 7BU"]
[Date "2023.07.27"]
[Round "4"]
[Board "28"]
[White "Homer, Neil S"]
[Black "Merchant, Steve"]
[Result "0-1"]
[WhiteElo "1648"]
[BlackElo "1641"]
[PlyCount "0"]
[EventDate "2023.07.24"]
[EventRounds "6"]
[EventCountry "ENG"]

1. e4 c5 2. Nc3 Nc6 3. f4 g6 4. Nf3 Bg7 5. Bb5 Nd4 6. O-O Nxb5 7. Nxb5 a6 8. Nc3
e6 9. d3 Ne7 10. Qe1 O-O 11. Rb1 d5 12. Kh1 b5 13. Bd2 d4 14. Ne2 Nc6 15. Ng3 Re8
16. e5 f5 17. exf6 Bxf6 18. Ne4 Bg7 19. Nxc5 e5 20. Ne4 Bb7 21. Qc1 Rc8 22. Nc5 Qc7
23. Nxb7 Qxb7 24. Re1 Rf8 25. Re4 exf4 26. Bxf4 Nb4 27. Re2 Nxd3 28. Qg1 Nxf4 29.
Rd2 Nh3 30. Qd1 Nf4 31. b4 Nd5 32. Rb3 Ne3 33. Qe2 Rce8 34. Qf2 g5 35. h3 h5 36.
Qg1 Rxf3  0-1

[Event "British Chess Championships 2023: AM Tournament U1900"]
[Site "The Venue, De Montfort University, 20 Western Boulevard, Leicester, LE2 7BU"]
[Date "2023.07.28"]
[Round "5"]
[Board "1"]
[White "Vyas, Alisha"]
[Black "Honey, Luke"]
[Result "1/2-1/2"]
[WhiteElo "1878"]
[BlackElo "1897"]
[PlyCount "0"]
[EventDate "2023.07.24"]
[EventRounds "6"]
[EventCountry "ENG"]

1. e4 c6 2. Nf3 d5 3. Nc3 Bg4 4. h3 Bxf3 5. Qxf3 e6 6. exd5 cxd5 7. Bb5+ Nc6 8. O-O
Rc8 9. Ne2 Qb6 10. Ba4 Nf6 11. c3 Bd6 12. Qe3 Qxe3 13. dxe3 Ke7 14. Nd4 Ne5 15. Bc2
a6 16. e4 Nxe4 17. Bxe4 dxe4 18. Re1 f5 19. Bf4 Nd3 20. Bxd6+ Kxd6 21. Re2 g6 22.
f3 Nc5 23. Rd1 Ke7 24. Rde1 Kf7 25. Rf1 exf3 26. Rxf3 Rhe8 27. Rfe3 Kf6 28. g4 e5
29. g5+ Kxg5 30. Rxe5 Rxe5 31. Rxe5 Kf6 32. Rd5 Rc7 33. Rd6+ Ke5 34. Rb6 Rd7 35.
Kg2 Rd6 36. Nf3+ Kd5 37. c4+ Ke6 38. Ng5+ Ke7 39. Rxd6 Kxd6 40. Nxh7 Ne4 41. Nf8
g5 42. b4 b6 43. Ng6 Nd2 44. h4 gxh4 45. Nxh4 Nxc4 46. Nxf5+ Ke5 47. Ne7 Ne3+ 48.
Kf3 Nc2 49. Nc8 b5 50. Nb6 Nxb4 51. a4 Nd5 52. axb5 axb5 53. Nd7+ Kd4 54. Ke2 b4
55. Kd2 b3 56. Kc1 Kc3 57. Nc5 b2+ 58. Kb1 Nb6 59. Ne4+ Kb3 60. Nc5+ Ka3 61. Nd3
 1/2-1/2

[Event "British Chess Championships 2023: AM Tournament U1900"]
[Site "The Venue, De Montfort University, 20 Western Boulevard, Leicester, LE2 7BU"]
[Date "2023.07.28"]
[Round "5"]
[Board "2"]
[White "Gartside, Carl"]
[Black "Murrell, Mark R A"]
[Result "1/2-1/2"]
[WhiteElo "1895"]
[BlackElo "1800"]
[PlyCount "0"]
[EventDate "2023.07.24"]
[EventRounds "6"]
[EventCountry "ENG"]

1. d4 f5 2. g4 d5 3. g5 c5 4. Bf4 Nc6 5. Nf3 cxd4 6. Nxd4 Qb6 7. Nxc6 bxc6 8. Bg2
e6 9. O-O Ne7 10. c4 Ng6 11. Be3 Bc5 12. Bxc5 Qxc5 13. cxd5 exd5 14. Nd2 Nf4 15.
Nf3 Nxg2 16. Kxg2 O-O 17. Rc1 Qb6 18. Qd4 Bb7 19. Rc2 Rae8 20. Qxb6 axb6 21. Rd1
 1/2-1/2

[Event "British Chess Championships 2023: AM Tournament U1900"]
[Site "The Venue, De Montfort University, 20 Western Boulevard, Leicester, LE2 7BU"]
[Date "2023.07.28"]
[Round "5"]
[Board "3"]
[White "Dean, Robert A"]
[Black "Westcott, Dale"]
[Result "0-1"]
[WhiteElo "1820"]
[BlackElo "1676"]
[PlyCount "0"]
[EventDate "2023.07.24"]
[EventRounds "6"]
[EventCountry "ENG"]

1. e4 c5 2. f4 Nc6 3. Nf3 Nf6 4. Nc3 e6 5. Bb5 Be7 6. Bxc6 bxc6 7. O-O Qb6 8. Kh1
Ba6 9. d3 Ng4 10. Qe1 h5 11. b3 c4 12. Na4 Qc7 13. dxc4 Rb8 14. Bd2 d5 15. exd5 cxd5
16. Ne5 Bf6 17. Ba5 Qc8 18. Rf3 dxc4 19. Rd1 Bb5 20. Nc3 O-O 21. Nxb5 Rxb5 22. Nd7
Re8 23. Nxf6+ Nxf6 24. Bc3 Nd5 25. Bd4 Ne7 26. Rc3 Qa6 27. a4 Rd5 28. bxc4 Rf5 29.
Be5 Ng6 30. g3 Qc6+ 31. Kg1 Nxe5 32. fxe5 Qxa4 33. Qe3 Qc6 34. Rd6 Qa4 35. Qe1 Rb8
36. c5 Qa5 37. Rdd3 Rc8 38. Rf3 Rxf3  0-1

[Event "British Chess Championships 2023: AM Tournament U1900"]
[Site "The Venue, De Montfort University, 20 Western Boulevard, Leicester, LE2 7BU"]
[Date "2023.07.28"]
[Round "5"]
[Board "4"]
[White "Horlock, Peter J"]
[Black "Macqueen, Andrew"]
[Result "1-0"]
[WhiteElo "1628"]
[BlackElo "1759"]
[PlyCount "0"]
[EventDate "2023.07.24"]
[EventRounds "6"]
[EventCountry "ENG"]

1. e4 c5 2. Nf3 d6 3. c3 Nc6 4. d4 cxd4 5. cxd4 g6 6. Nc3 Bg7 7. Be3 Nf6 8. h3 O-O
9. Bc4 a6 10. a4 Qc7 11. Rc1 Bd7 12. O-O Rac8 13. Bd3 Qb8 14. Qd2 e5 15. dxe5 dxe5
16. Bc5 Rfe8 17. Bb1 Bf8 18. Bxf8 Kxf8 19. Qh6+ Ke7 20. Nd5+ Nxd5 21. exd5 Nd4 22.
Qh4+ Kf8 23. Nxd4 exd4 24. Rxc8 Bxc8 25. Qxd4 Qe5 26. Qxe5 Rxe5 27. Rd1 Bd7 28. f4
Bxa4 29. fxe5 Bxd1 30. Kf2 Bb3 31. Be4 b5 32. Ke3 Ke7 33. Kd4 a5 34. Kc5 Bc4 35.
d6+ Kd8 36. Bc6 Bf1 37. h4 b4 38. g3 h6 39. Kb6 Bc4 40. Kxa5 b3 41. Kb4 Be6 42. Ba4
g5 43. hxg5 hxg5 44. Bxb3 Kd7 45. Bxe6+ Kxe6 46. Kc5  1-0

[Event "British Chess Championships 2023: AM Tournament U1900"]
[Site "The Venue, De Montfort University, 20 Western Boulevard, Leicester, LE2 7BU"]
[Date "2023.07.28"]
[Round "5"]
[Board "5"]
[White "Khan, Mohammed"]
[Black "Willoughby, Christopher"]
[Result "1-0"]
[WhiteElo "1873"]
[BlackElo "1794"]
[PlyCount "0"]
[EventDate "2023.07.24"]
[EventRounds "6"]
[EventCountry "ENG"]

1. e4 e5 2. Bc4 Nc6 3. Nc3 Nf6 4. d3 Bb4 5. Nge2 d6 6. a3 Ba5 7. O-O Bg4 8. Be3 O-O
9. h3 Bh5 10. g4 Bg6 11. Bg5 h6 12. Bh4 Bh7 13. Bxf6 Qxf6 14. Nd5 Qh4 15. Kg2 Bb6
16. Ng3 Nd4 17. Ne2 Nxe2 18. Qxe2 c6 19. Nxb6 axb6 20. f4 Qe7 21. f5 Kh8 22. Qe3
b5 23. f6 gxf6 24. Bb3 f5 25. gxf5 Qh4 26. Kh2 Qf6 27. Rg1 Rg8 28. Qb6 Qe7 29. f6
Qd7 30. Qe3 Rg6 31. Rxg6 fxg6 32. Qxh6 d5 33. Rf1 Qf7 34. exd5 Qf8 35. Qxf8+ Rxf8
36. dxc6 bxc6 37. f7 Kg7 38. Kg3 c5 39. Kg4 g5 40. Kxg5 e4 41. dxe4 Bxe4 42. c3 c4
43. Bd1 Bg2 44. Rg1 Bd5 45. Bh5 Rb8 46. Re1 Rh8 47. Re7 Bc6 48. Re6 Bd7 49. Rg6+
Kxf7 50. Rh6+ Kg7 51. Rxh8 Kxh8 52. Bg4 Bc6 53. h4 Kg7 54. h5 Be8 55. h6+ Kh8 56.
Bf5 Bc6 57. Kf6 b4 58. axb4 Be4 59. Bxe4  1-0

[Event "British Chess Championships 2023: AM Tournament U1900"]
[Site "The Venue, De Montfort University, 20 Western Boulevard, Leicester, LE2 7BU"]
[Date "2023.07.28"]
[Round "5"]
[Board "6"]
[White "Colclough, Ryan"]
[Black "Clegg, Robert"]
[Result "0-1"]
[WhiteElo "1795"]
[BlackElo "1860"]
[PlyCount "0"]
[EventDate "2023.07.24"]
[EventRounds "6"]
[EventCountry "ENG"]

1. e4 e6 2. d4 d5 3. Nc3 Bb4 4. e5 c5 5. a3 Bxc3+ 6. bxc3 Ne7 7. Qg4 O-O 8. Bd3 f5
9. Qg3 Nbc6 10. Nf3 Qa5 11. Bd2 Qa4 12. Bh6 Ng6 13. h4 Rf7 14. h5 Nf8 15. Nh4 cxd4
16. Ng6 dxc3 17. Bf4 b6 18. Rh4 Qa5 19. Qg5 Ba6 20. Rd1 Qxa3 21. Bxa6 Qxa6 22. Rd3
Qa3 23. Rdh3 Qb2 24. h6 Nxg6 25. hxg7 Nxh4 26. Rxh4 Rxg7 27. Qh6 Re8 28. Bg5 Qb1+
29. Ke2 Qxc2+ 30. Kf3 Qd3+ 31. Be3 d4 32. Qh5 Nxe5+ 33. Kf4 Qe4#  0-1

[Event "British Chess Championships 2023: AM Tournament U1900"]
[Site "The Venue, De Montfort University, 20 Western Boulevard, Leicester, LE2 7BU"]
[Date "2023.07.28"]
[Round "5"]
[Board "7"]
[White "Watson, Simon"]
[Black "Tomy, Jeff"]
[Result "1/2-1/2"]
[WhiteElo "1835"]
[BlackElo "1791"]
[PlyCount "0"]
[EventDate "2023.07.24"]
[EventRounds "6"]
[EventCountry "ENG"]

1. e4 c5 2. Nc3 Nc6 3. g3 d6 4. Bg2 g6 5. d3 Bg7 6. Be3 Nf6 7. h3 a6 8. Nge2 O-O
9. Qd2 Qc7 10. Bh6 Rd8 11. Bxg7 Kxg7 12. O-O e6 13. Nd1 d5 14. exd5 Nxd5 15. Ne3
Nce7 16. Rfd1 Nf5 17. Nxd5 exd5 18. Nf4 d4 19. Re1 Bd7 20. Nd5 Qd6 21. Qf4 Bc6 22.
Qxd6 Rxd6 23. Ne7 Nxe7 24. Rxe7 Re8 25. Rae1 Rxe7 26. Rxe7 Bxg2 27. Kxg2 b6 28. Kf1
Re6 29. Rc7 a5 30. a3 Kf6 31. f4 h6 32. Kf2 g5 33. fxg5+ hxg5 34. Kf3 Kg6 35. Rc8
Re3+ 36. Kf2 Re6  1/2-1/2

[Event "British Chess Championships 2023: AM Tournament U1900"]
[Site "The Venue, De Montfort University, 20 Western Boulevard, Leicester, LE2 7BU"]
[Date "2023.07.28"]
[Round "5"]
[Board "8"]
[White "Reghu, Jyothika Ullukaranparambil"]
[Black "Judd, Ian P"]
[Result "1-0"]
[WhiteElo "1833"]
[BlackElo "1780"]
[PlyCount "0"]
[EventDate "2023.07.24"]
[EventRounds "6"]
[EventCountry "ENG"]

1. e4 d6 2. d4 Nf6 3. Nc3 g6 4. f3 Bg7 5. Be3 O-O 6. Bc4 c6 7. Bb3 d5 8. e5 Ne8 9.
Qd2 f6 10. f4 f5 11. Nf3 Nc7 12. h3 b5 13. h4 h5 14. Ng5 a5 15. a4 b4 16. Ne2 Bh6
17. Ng3 Bxg5 18. hxg5 Be6 19. Qe2 Bf7 20. Rh4 Kg7 21. O-O-O Nd7 22. Nh1 Nb6 23. Nf2
Nc4 24. Rdh1 Nxe3 25. Qxe3 Ne6 26. c3 Qb6 27. Bc2 c5 28. dxc5 Nxc5 29. Qd4 e6 30.
g4 Nd7 31. gxf5 exf5 32. Qxb6 Nxb6 33. Nd3 bxc3 34. bxc3 Rfc8 35. Kd2 Nc4+ 36. Ke2
Na3 37. Bd1 Rxc3 38. Kd2 d4 39. e6 Nc4+ 40. Ke1 Rxd3 41. exf7 Kxf7 42. Bxh5 Re8+
43. Be2 Rde3 44. Rh7+ Ke6 45. Kf2 Kd6 46. Bxc4 d3 47. Rd1  1-0

[Event "British Chess Championships 2023: AM Tournament U1900"]
[Site "The Venue, De Montfort University, 20 Western Boulevard, Leicester, LE2 7BU"]
[Date "2023.07.28"]
[Round "5"]
[Board "9"]
[White "Mathur, Pranav"]
[Black "Coward, Neil"]
[Result "1-0"]
[WhiteElo "1662"]
[BlackElo "1800"]
[PlyCount "0"]
[EventDate "2023.07.24"]
[EventRounds "6"]
[EventCountry "ENG"]

1. d4 d5 2. Bf4 Nf6 3. e3 g6 4. c4 c6 5. Nc3 Bg7 6. c5 O-O 7. Be2 Nbd7 8. Nf3 Nh5
9. Bg5 Nhf6 10. h4 h5 11. Rc1 Re8 12. b4 e5 13. O-O exd4 14. exd4 Qc7 15. Qd2 Ng4
16. Bf4 Qd8 17. Ng5 Nf8 18. Rfe1 Qf6 19. Rcd1 Bd7 20. f3 Nh6 21. Be5 Qd8 22. Bxg7
Kxg7 23. Qf4 Qf6 24. Qxf6+ Kxf6 25. Kf2 Ne6 26. Nxe6 Rxe6 27. g4 hxg4 28. fxg4 Nxg4+
29. Bxg4 Rxe1 30. Bxd7 Rxd1 31. Nxd1 a5 32. b5 cxb5 33. Nc3 b4 34. Nxd5+ Kg7 35.
Nb6 Rd8 36. d5 Kf6 37. c6 bxc6 38. dxc6 g5 39. h5 Kg7 40. c7 Rh8 41. c8=Q Rxc8 42.
Bxc8 Kh6 43. Bg4 f5 44. Bxf5 Kxh5 45. Bc2 Kg4 46. Nc4 Kf4 47. Nxa5 Ke5 48. Bb3 Kd4
49. Kg3  1-0

[Event "British Chess Championships 2023: AM Tournament U1900"]
[Site "The Venue, De Montfort University, 20 Western Boulevard, Leicester, LE2 7BU"]
[Date "2023.07.28"]
[Round "5"]
[Board "10"]
[White "Coleman, Frederick"]
[Black "Berkley, Stephen W"]
[Result "1/2-1/2"]
[WhiteElo "1850"]
[BlackElo "1742"]
[PlyCount "0"]
[EventDate "2023.07.24"]
[EventRounds "6"]
[EventCountry "ENG"]

1. d4 e6 2. Nf3 f5 3. e3 Nf6 4. Be2 d5 5. O-O c6 6. c4 Bd6 7. Nc3 O-O 8. Rb1 Qe7
9. a3 Nbd7 10. b4 Ne4 11. Qb3 Nxc3 12. Qxc3 Nf6 13. Qb3 Bd7 14. a4 Rfb8 15. Bd2 Ne4
16. Bc3 g5 17. Ne5 Bxe5 18. dxe5 Nxc3 19. Qxc3 a6 20. f4 g4 21. g3 h5 22. Kf2 h4
23. Rh1 h3 24. Rhc1 Kf7 25. Bd3 Be8 26. Qd4 Rd8 27. Qc3 Rd7 28. cxd5 cxd5 29. Qd4
Rc7 30. Qb6 Rac8 31. Rxc7 Qxc7 32. Qxc7+ Rxc7 33. a5 Ke7 34. Ke2 Bc6 35. Rc1 Kd7
36. Rc5 Ba4 37. Rxc7+ Kxc7 38. Kd2 Be8 39. Kc3 Bb5 40. Bxb5 axb5 41. Kd4 Kc6 42.
Kd3 Kd7 43. Kc3 Kc7  1/2-1/2

[Event "British Chess Championships 2023: AM Tournament U1900"]
[Site "The Venue, De Montfort University, 20 Western Boulevard, Leicester, LE2 7BU"]
[Date "2023.07.28"]
[Round "5"]
[Board "11"]
[White "Crompton, Robert"]
[Black "Betts, Richard"]
[Result "0-1"]
[WhiteElo "1662"]
[BlackElo "1831"]
[PlyCount "0"]
[EventDate "2023.07.24"]
[EventRounds "6"]
[EventCountry "ENG"]

1. e4 e6 2. d4 d5 3. Nc3 Nf6 4. e5 Nfd7 5. f4 c5 6. Nf3 Nc6 7. Be3 a6 8. Qd2 b5 9.
a3 Qa5 10. Qc1 Qb6 11. Ne2 b4 12. c3 Na5 13. Qc2 b3 14. Qc1 Nc4 15. Bf2 a5 16. Nd2
Ba6 17. Nxc4 Bxc4 18. Ng3 Qa6 19. Bxc4 Qxc4 20. Ne2 Rc8 21. Qd2 Nb6 22. O-O Qb5 23.
a4 Nxa4 24. dxc5 Bxc5 25. Nd4 Bxd4 26. Qxd4 Nxb2 27. Rfb1 Nc4 28. Qd1 a4 29. Bd4
O-O 30. Qf1 Qd7 31. g4 Nd2 32. Qg2 Nxb1 33. Rxb1 Ra8 34. f5 exf5 35. e6 fxe6  0-1

[Event "British Chess Championships 2023: AM Tournament U1900"]
[Site "The Venue, De Montfort University, 20 Western Boulevard, Leicester, LE2 7BU"]
[Date "2023.07.28"]
[Round "5"]
[Board "12"]
[White "Di Cicco, Louis"]
[Black "Page, Martin C"]
[Result "1/2-1/2"]
[WhiteElo "1677"]
[BlackElo "1821"]
[PlyCount "0"]
[EventDate "2023.07.24"]
[EventRounds "6"]
[EventCountry "ENG"]

1. e4 e5 2. Nf3 Nc6 3. Bc4 Nf6 4. Ng5 d5 5. exd5 Nd4 6. c3 b5 7. cxd4 bxc4 8. dxe5
Qxd5 9. exf6 Qxg5 10. Qf3 Rb8 11. O-O Bb7 12. Re1+ Kd8 13. Qg3 Qxf6 14. Qe3 Bd6 15.
Qxa7 Kc8 16. Qb6 c3 17. Qe3  1/2-1/2

[Event "British Chess Championships 2023: AM Tournament U1900"]
[Site "The Venue, De Montfort University, 20 Western Boulevard, Leicester, LE2 7BU"]
[Date "2023.07.28"]
[Round "5"]
[Board "13"]
[White "Livesey, R Nigel"]
[Black "Schmerwitz, Reinhard"]
[Result "1/2-1/2"]
[WhiteElo "1811"]
[BlackElo "1683"]
[PlyCount "0"]
[EventDate "2023.07.24"]
[EventRounds "6"]
[EventCountry "ENG"]

1. Nf3 d5 2. b4 Nf6 3. Bb2 Bf5 4. e3 e6 5. a3 h6 6. c4 Be7 7. d4 O-O 8. Be2 dxc4
9. Bxc4 a5 10. b5 c6 11. Nc3 cxb5 12. Bxb5 Nc6 13. O-O Rc8 14. Qb3 Ne4 15. Rfd1 Nxc3
16. Bxc3 Be4 17. Nd2 Bd5 18. Qa4 Nb4 19. Bxb4 axb4 20. axb4 Qd6 21. Rdb1 Rc3 22.
e4 Bc6 23. Bxc6 Rxc6 24. b5 Rc3 25. Rc1 Rfc8 26. Nb3 Qf4 27. Rxc3 Rxc3 28. Qa8+ Kh7
29. g3 Qxe4 30. Qe8  1/2-1/2

[Event "British Chess Championships 2023: AM Tournament U1900"]
[Site "The Venue, De Montfort University, 20 Western Boulevard, Leicester, LE2 7BU"]
[Date "2023.07.28"]
[Round "5"]
[Board "14"]
[White "Kumar, Arnav"]
[Black "Willoughby, Andrew P"]
[Result "1/2-1/2"]
[WhiteElo "1649"]
[BlackElo "1797"]
[PlyCount "0"]
[EventDate "2023.07.24"]
[EventRounds "6"]
[EventCountry "ENG"]

1. e4 c6 2. d4 d5 3. exd5 Qxd5 4. Nf3 Bg4 5. Be2 e6 6. c4 Qd8 7. Nc3 h6 8. O-O Nf6
9. Be3 Bd6 10. Qd2 Nbd7 11. Rad1 Bb4 12. a3 Ne4 13. Qc2 Bxc3 14. bxc3 Nd6 15. Ne5
Bxe2 16. Qxe2 Nf6 17. f3 O-O 18. Qb2 Qc7 19. c5 Nf5 20. Bd2 Nd5 21. Rfe1 Rad8 22.
c4 Nf6 23. Be3 Nxe3 24. Rxe3 Nd7 25. Nxd7 Rxd7 26. Red3 Rfd8 27. Qc3 Qf4 28. Qd2
Qxd2 29. R1xd2 f5 30. f4 Kf7 31. Kf2 Kf6 32. Kf3 g5 33. g3 h5 34. a4 gxf4 35. gxf4
h4 36. a5 a6 37. Kg2 Rg8+ 38. Kf3 Rgd8 39. Ke3 Rg8 40. Kf3  1/2-1/2

[Event "British Chess Championships 2023: AM Tournament U1900"]
[Site "The Venue, De Montfort University, 20 Western Boulevard, Leicester, LE2 7BU"]
[Date "2023.07.28"]
[Round "5"]
[Board "15"]
[White "Peer, Musa"]
[Black "Shaddick, John"]
[Result "1-0"]
[WhiteElo "1791"]
[BlackElo "1637"]
[PlyCount "0"]
[EventDate "2023.07.24"]
[EventRounds "6"]
[EventCountry "ENG"]

1. d4 d5 2. Nf3 Nf6 3. g3 Nc6 4. Bg2 Bg4 5. O-O e6 6. e3 Be7 7. Nbd2 O-O 8. a3 Ne4
9. c4 Nxd2 10. Bxd2 dxc4 11. Qc2 Rb8 12. Qxc4 Qd7 13. Bc3 Rfc8 14. Ne5 Nxe5 15. dxe5
Bh5 16. g4 Bg6 17. Rad1 Qe8 18. f4 h6 19. f5 exf5 20. gxf5 Bh7 21. e6 f6 22. Rd7
b5 23. Qg4 Qf8 24. Rfd1 Rd8 25. Bf3 c5 26. Ba5 Rxd7 27. Rxd7 c4 28. Qg3 Rc8 29. Bb4
Bxb4 30. Rf7 Bxf5 31. axb4 Bxe6 32. Rxf8+ Kxf8 33. Qd6+ Kf7 34. Bd5  1-0

[Event "British Chess Championships 2023: AM Tournament U1900"]
[Site "The Venue, De Montfort University, 20 Western Boulevard, Leicester, LE2 7BU"]
[Date "2023.07.28"]
[Round "5"]
[Board "16"]
[White "Acharya, Kandara"]
[Black "Nargund, Sujan"]
[Result "0-1"]
[WhiteElo "1783"]
[BlackElo "1564"]
[PlyCount "0"]
[EventDate "2023.07.24"]
[EventRounds "6"]
[EventCountry "ENG"]

1. c4 c6 2. g3 d5 3. cxd5 cxd5 4. Nf3 Bf5 5. Bg2 e6 6. O-O Nf6 7. d4 Bd6 8. Qb3 Qe7
9. Nc3 O-O 10. Nb5 Rd8 11. Bg5 b6 12. Rac1 Nbd7 13. Nxd6 Qxd6 14. Bf4 Qe7 15. Rc7
Ne8 16. Rc6 Nb8 17. Rc3 Nd6 18. Bxd6 Qxd6 19. Rfc1 Nd7 20. Rc6 Qf8 21. Rc7 Rac8 22.
Qb5 Nf6 23. Qa6 Rxc7 24. Rxc7 Bg4 25. Ne5 Bh5 26. f3 Qe8 27. Qxa7 Ra8 28. Qb7 Rb8
29. Qc6 Qxc6 30. Rxc6 Bg6 31. g4 b5 32. h4 Bb1 33. a3 Ba2 34. Rc7 Rf8 35. e3 Ne8
36. Ra7 f6 37. Nc6 Rf7 38. Rxf7 Kxf7 39. Bf1 Bc4 40. Bxc4 bxc4 41. Kf2 Nd6 42. Ke2
Nc8 43. Kd2 Nb6 44. Kc2 Ke8 45. e4 Kd7 46. Nb4 g6 47. Na6 h5 48. Nc5+ Kd6 49. a4
dxe4 50. fxe4 e5 51. Kc3 hxg4 52. a5 g3 53. axb6 g2 54. b7 Kc7 55. d5 g1=Q 56. d6+
Kb8 57. d7 Qd4+ 58. Kc2 Qd6 59. Kc3 Ka7 60. Kc2 Kb8 61. Kc3 Kc7 62. Kc2 Kc6 63. Ne6
Kxd7 64. Nc5+ Kc7  0-1

[Event "British Chess Championships 2023: AM Tournament U1900"]
[Site "The Venue, De Montfort University, 20 Western Boulevard, Leicester, LE2 7BU"]
[Date "2023.07.28"]
[Round "5"]
[Board "17"]
[White "Morris, Simon"]
[Black "Di-Vetta, Andrew"]
[Result "1-0"]
[WhiteElo "1604"]
[BlackElo "1776"]
[PlyCount "0"]
[EventDate "2023.07.24"]
[EventRounds "6"]
[EventCountry "ENG"]

1. e4 c5 2. c3 d5 3. exd5 Qxd5 4. d4 cxd4 5. cxd4 Nc6 6. Nf3 Bg4 7. Nc3 Qd8 8. d5
Bxf3 9. Qxf3 Ne5 10. Qe4 Nd7 11. Bc4 Ngf6 12. Qe2 a6 13. O-O b5 14. Bb3 Nc5 15. Bc2
g6 16. Be3 Qd6 17. b4 Ncd7 18. a3 Bg7 19. Rad1 O-O 20. Rfe1 Rac8 21. Ne4 Nxe4 22.
Bxe4 f5 23. Bb1 Rc4 24. Ba2 Re4 25. f3 Rh4 26. g3 Rh5 27. Bf4 Qb6+ 28. Kg2 Re8 29.
d6+  1-0

[Event "British Chess Championships 2023: AM Tournament U1900"]
[Site "The Venue, De Montfort University, 20 Western Boulevard, Leicester, LE2 7BU"]
[Date "2023.07.28"]
[Round "5"]
[Board "18"]
[White "Whittington, Reece W"]
[Black "Mckenna, Joshua"]
[Result "1-0"]
[WhiteElo "1766"]
[BlackElo "1600"]
[PlyCount "0"]
[EventDate "2023.07.24"]
[EventRounds "6"]
[EventCountry "ENG"]

1. d4 d5 2. c4 e6 3. Nc3 Nf6 4. Bg5 dxc4 5. e4 c5 6. Nf3 h6 7. Bh4 cxd4 8. Nxd4 a6
9. Bxc4 Be7 10. O-O O-O 11. Nf3 Qxd1 12. Rfxd1 b5 13. Bb3 Nc6 14. Rac1 Na5 15. e5
Nxb3 16. axb3 Nd5 17. Nxd5 Bxh4 18. Nb6 Rb8 19. Nxc8 Rbxc8 20. Nxh4 Rxc1 21. Rxc1
Rd8 22. Nf3 Rd3 23. Kf1 Rxb3 24. Ra1 Rxb2 25. Rxa6 b4 26. Rb6 b3 27. Ke1 Rb1+ 28.
Ke2 Rb2+ 29. Nd2  1-0

[Event "British Chess Championships 2023: AM Tournament U1900"]
[Site "The Venue, De Montfort University, 20 Western Boulevard, Leicester, LE2 7BU"]
[Date "2023.07.28"]
[Round "5"]
[Board "19"]
[White "Rao, Shree"]
[Black "Smith, Andrew Pe"]
[Result "0-1"]
[WhiteElo "1599"]
[BlackElo "1761"]
[PlyCount "0"]
[EventDate "2023.07.24"]
[EventRounds "6"]
[EventCountry "ENG"]

1. e4 c5 2. Nf3 a6 3. d4 cxd4 4. Nxd4 Nf6 5. Nc3 e5 6. Nf3 Bb4 7. Bd2 d6 8. Bd3 O-O
9. O-O Bg4 10. h3 Bh5 11. Qe2 Nc6 12. g4 Bg6 13. Nh4 Nd4 14. Qd1 Rc8 15. Nxg6 hxg6
16. f3 b5 17. Ne2 Qb6 18. Kg2 Bxd2 19. Qxd2 Nxe2 20. Qxe2 d5 21. exd5 Nxd5 22. Rfe1
Nf4+  0-1

[Event "British Chess Championships 2023: AM Tournament U1900"]
[Site "The Venue, De Montfort University, 20 Western Boulevard, Leicester, LE2 7BU"]
[Date "2023.07.28"]
[Round "5"]
[Board "20"]
[White "Merchant, Steve"]
[Black "Lawrence, Spencer"]
[Result "1/2-1/2"]
[WhiteElo "1641"]
[BlackElo "1849"]
[PlyCount "0"]
[EventDate "2023.07.24"]
[EventRounds "6"]
[EventCountry "ENG"]

1. d4 Nf6 2. Nc3 d5 3. Bf4 c6 4. e3 Bf5 5. f3 e6 6. g4 Bg6 7. h4 h5 8. g5 Nh7 9.
Bd3 Bd6 10. Bxg6 fxg6 11. Qd3 Nf8 12. Nge2 Na6 13. a3 Qe7 14. Bxd6 Qxd6 15. Nf4 O-O-O
16. O-O-O e5 17. dxe5 Qxe5 18. Qd4 Re8 19. Rhe1 Qxd4 20. exd4 Nc7 21. Rxe8+ Nxe8
 1/2-1/2

[Event "British Chess Championships 2023: AM Tournament U1900"]
[Site "The Venue, De Montfort University, 20 Western Boulevard, Leicester, LE2 7BU"]
[Date "2023.07.28"]
[Round "5"]
[Board "21"]
[White "O'gorman, Brendan"]
[Black "Zigmond, Andrew"]
[Result "1/2-1/2"]
[WhiteElo "1779"]
[BlackElo "1647"]
[PlyCount "0"]
[EventDate "2023.07.24"]
[EventRounds "6"]
[EventCountry "ENG"]

1. c4 Nf6 2. Nc3 g6 3. e4 d6 4. d4 Bg7 5. h3 O-O 6. Be3 e5 7. d5 Na6 8. g4 Bd7 9.
Nge2 Ne8 10. Ng3 f5 11. gxf5 gxf5 12. Nxf5 Bxf5 13. exf5 Rxf5 14. Rg1 Rf7 15. Qd2
Nf6 16. Bd3 Nc5 17. Bf5 e4 18. Bxc5 dxc5 19. Be6 Qe7 20. O-O-O Kh8 21. Bxf7 Qxf7
22. Rg3 Qh5 23. Rxg7 Kxg7 24. Rg1+ Kh8 25. Qf4 Rf8 26. Nxe4 Qf7 27. Nxc5 Nd7 28.
Qxf7 Rxf7 29. Nxd7 Rxd7 30. f4 Re7 31. Rg4 Re4 32. f5 Re1+ 33. Kd2 Rf1 34. Rg5 h6
35. Rh5 Kg7 36. c5 Rf2+ 37. Kc3 Rf3+ 38. Kd4 Rf2 39. d6 cxd6 40. cxd6 Rxb2 41. Kd5
Rd2+ 42. Ke6 Re2+ 43. Kd7 Rxa2 44. Rh4 Kf6 45. Rxh6+ Kxf5 46. Re6 Rg2 47. Re8 a5
48. Kc7 Rc2+ 49. Kxb7 Rb2+ 50. Kc7 Rc2+ 51. Kd7 a4 52. Ra8 Rc4 53. Kd8 Ke6 54. d7
Rd4 55. Ra6+ Kf7 56. Kc7 Ke7 57. Rxa4 Rxd7+ 58. Kc6 Rd6+ 59. Kc5 Rh6 60. h4 Rh5+
 1/2-1/2